000 00615nam a2200265Ia 4500
008 160620s9999||||xx |||||||||||||| ||und||
040 _cEnglish
082 _aXI.B/Little
082 _bBORI-107565
100 _aI. M. D. Little
245 _aWelfare Economics
250 _bSecond
300 _ax+302
300 _cA
300 _ePaperback
530 _u00107565.pdf
563 _aStudy
600 _aI. M. D. Little
630 _aWelfare Economics
650 _aGeneral Indology
650 _aSocial History
700 _aI. M. D. Little
730 _aWelfare Economics
942 _cBOOK
999 _c1393705
_d1393702